Регионална библиотека "Любен Каравелов" - Русе

Делови игри (Запис номер 99234)

MARC детайли
000 -Лидер
Контролно поле с фиксирана дължина 01689nam a2200361 c 4500
003 - Код на организацията, давaща контролен номер
Контролно поле BLK
005 - Дата и час на последна редакция
Контролно поле 20210219165034.0
008 - Елементи от данни с фиксирана дължина
fixed length control field 180409b bul|||||r ||||||| ||bul||
010 ## - Наследен системен номер
LC control number KNG00104234000
040 ## - Източник на каталожния запис
Идентификатор на билиотеката - собственик на записа BLK
041 ## - Код за език
Код за езика на текст/звукозапис или на отделно заглавие Български
Код за езика КДБФ Български
080 ## - УДК
Текстов определител УДК Методи на управление. Мениджмънт. Анализи, планиране, ръководство, сътрудничество, контрол, коопериране и др.
УДК код - определител по УДК 005.5
УДК определител (075.8)
УДК - код + определител 005.5(075.8)
080 ## - УДК
Текстов определител УДК Управление на стопанството в условията на пазарно стопанство
УДК код - определител по УДК 338.242
УДК определител (075.8)
УДК - код + определител 338.242(075.8)
100 1# - Редна дума - Автор
Автор Папазов, Емил Кръстев
Авторска отговорност първи автор
R(LIN) 372564
139 ## - Редно поле
Редна дума Папазов, Емил Кръстев
Авторски знак Пап - П 21
245 10 - Сведения за заглавието
Заглавие Делови игри
Редно поле (дума) Емил Кръстев Папазов.
246 11 - Различни форми на заглавието
Паралелно заглавие Business games
257 ## - Страна на издаване
Страна на създаване/издаване България
260 ## - Област на издателските данни
Име на издателя, разпространителя и проч. Русенски унив. А. Кънчев
Година на издаване 2002
Печатница Русе : Печ. база при Русенски унив.
300 ## - Физическа характеристика
Страници 86 с.
Размери/Мащаб 20 см
380 ## - Жанр
Жанр Общ отдел
650 #4 - Допълнително описание по предмет – тема
Основно описание – тема или топоним Стопанство - управление - учебници за ВУЗ
9 (RLIN) 244607
650 #4 - Допълнително описание по предмет – тема
Основно описание – тема или топоним Управленски труд - казуси, игри, тестове
9 (RLIN) 292279
650 #4 - Допълнително описание по предмет – тема
Основно описание – тема или топоним Организация на управлението - казуси, игри, тестове
9 (RLIN) 300444
653 ## - Ключова дума – ненормативна
Ключова дума делови игри
653 ## - Ключова дума – ненормативна
Ключова дума управление
653 ## - Ключова дума – ненормативна
Ключова дума учебници за ВУЗ
852 ## - Местоположение
Форматна сигнатура Цб 213135
856 4# - Електронен адрес и достъп
Електронен формат pdf - файл
856 4# - Електронен адрес и достъп
Електронен формат pdf - файл
999 ## - СИСТЕМНИ КОНТРОЛНИ НОМЕРА
Koha biblionumber 99234
Koha biblioitemnumber 99234
942 ## - АРТИКУЛИ
Вид на библиотечния материал Книги
Скрит в OPAC Не
Периодичен библиозапис Да
Koha issues (borrowed), all copies 1
944 ## - СЪЗДАВАНЕ И РЕДАКЦИЯ на ЗАПИСА
Създаване/Редакция Създаване
Дата на регистрацията/редакция 01.01.2002
Статус, дата на статуса ф /
Служител, извършил регистрацията/редакцията Валя_Йорданова
944 ## - СЪЗДАВАНЕ И РЕДАКЦИЯ на ЗАПИСА
Създаване/Редакция Редакция
Дата на регистрацията/редакция 03.12.2010
Статус, дата на статуса ф /
999 ## - СИСТЕМНИ КОНТРОЛНИ НОМЕРА
Koha biblioitemnumber 99234
Наличности
Код за отписване Код за изгубен артикул Код за повреда Коз за рестрикции Код за отдаване Артикулен № Име на библиотеката - собственик Име на библиотеката, в която се намира в момента Статус (Текущо местоположение) Дата на вписване в системата Местоположение - отдел Цена в лева Инвентарен номер Систематично азбучна сигнатура Баркод Номер на екземпляра Цена в евро Служебна бележка Служебен тип на артикула Източник на класификационната схема
  Не е изгубен Не е повреден без рестрикции ползва се в читалня 159878 Регионална библиотека "Любен Каравелов" Русе Регионална библиотека "Любен Каравелов" Русе Хранилище 2002-11-19 Хранилище 4.00 120000673328 Цб 213135 120000673328 1 2.05 Дост: Pk Вид: Ф N: 39 Дата: 18.11.2002 Книги  
Изтеглен Не е изгубен Не е повреден без рестрикции заемане за дома 159879 Регионална библиотека "Любен Каравелов" Русе Регионална библиотека "Любен Каравелов" Русе Заемна - подръчен фонд 2002-11-19 Заемна - подръчен фонд 4.00 120000673329 005.5/П 21 120000673329 2 2.05 Дост: Pk Вид: Ф N: 39 Дата: 18.11.2002 Дата инв: 06.02.2018 Бележки инв: П2018 Книги Universal Decimal Classification
  Не е изгубен Не е повреден без рестрикции заемане за дома 159880 Регионална библиотека "Любен Каравелов" Русе Регионална библиотека "Любен Каравелов" Русе Дубликат 2002-11-19 Заемна - подръчен фонд 4.00 120000673330 005.5/П 21 120000673330 3 2.05 Дост: Pk Вид: Ф N: 39 Дата: 18.11.2002 Дата инв: 06.02.2018 Бележки инв: П2018 Книги Universal Decimal Classification
Изтеглен Не е изгубен Не е повреден без рестрикции заемане за дома 159881 Регионална библиотека "Любен Каравелов" Русе Регионална библиотека "Любен Каравелов" Русе Заемна - подръчен фонд 2002-11-19 Заемна - подръчен фонд 4.00 120000673331 005.5/П 21 120000673331 4 2.05 Дост: Pk Вид: Ф N: 39 Дата: 18.11.2002 Дата инв: 06.02.2018 Бележки инв: П2018 Книги Universal Decimal Classification
Изтеглен Не е изгубен Не е повреден без рестрикции заемане за дома 159882 Регионална библиотека "Любен Каравелов" Русе Регионална библиотека "Любен Каравелов" Русе Заемна - подръчен фонд 2010-12-03 Заемна - подръчен фонд 4.00 120000747856 005.5/П 21 120000747856 5 2.05 Дост: DA Вид: А N: 22 Дата: 02.12.2010 Дата инв: 06.02.2018 Бележки инв: П2018 Книги Universal Decimal Classification
Vip Innovations Ltd, Rousse, Bulgaria 2025